BSOP header

Pursuing the text : (Record no. 7968)

MARC details
000 -LEADER
fixed length control field 00747nam a2200193 4500
008 - FIXED-LENGTH DATA ELEMENTS--GENERAL INFORMATION
fixed length control field 020305s1994 enk 0 engYA
020 ## - INTERNATIONAL STANDARD BOOK NUMBER
International Standard Book Number 1850755019
090 ## - LOCALLY ASSIGNED LC-TYPE CALL NUMBER (OCLC); LOCAL CALL NUMBER (OCLC)
Classification number (OCLC) (R) ; Classification number, CALL (RLIN) (NR) BM42
Local cutter number (OCLC) ; Book number/undivided call number, CALL (RLIN) P97r
245 10 - TITLE STATEMENT
Title Pursuing the text :
Remainder of title studies in honor of Ben Zion Wacholder on the occasion of his seventieth birthday /
Statement of responsibility, etc edited by John C. Reeves and John Kampen.
260 ## - PUBLICATION, DISTRIBUTION, ETC. (IMPRINT)
Place of publication, distribution, etc England :
Name of publisher, distributor, etc Sheffield Academic Press,
Date of publication, distribution, etc c1994.
300 ## - PHYSICAL DESCRIPTION
Extent 434 p.
504 ## - BIBLIOGRAPHY, ETC. NOTE
Bibliography, etc Includes bibliographical references
600 14 - SUBJECT ADDED ENTRY--PERSONAL NAME
Personal name Wacholder, Ben Zion
General subdivision Addresses, essays, lectures.
650 #4 - SUBJECT ADDED ENTRY--TOPICAL TERM
Topical term or geographic name as entry element Judaism
General subdivision Addresses, essays, lectures.
951 ## - EQUIVALENCE OR CROSS-REFERENCE-GEOGRAPHIC NAME/AREA NAME [OBSOLETE] [CAN/MARC only]
General subdivision 00026947
700 1# - ADDED ENTRY--PERSONAL NAME
Personal name Kampen, John
700 1# - ADDED ENTRY--PERSONAL NAME
Personal name Reeves, John C.
950 0# - LOCAL HOLDINGS (RLIN)
-- 0.00/27.00
951 ## - EQUIVALENCE OR CROSS-REFERENCE-GEOGRAPHIC NAME/AREA NAME [OBSOLETE] [CAN/MARC only]
-- 24573
-- BM42/P97r
-- 070613111051875
-- 2000-12-21
-- REF
Holdings
Withdrawn status Lost status Damaged status Not for loan Home library Current library Shelving location Date acquired Accession number Shelving control number Total Checkouts Full call number Barcode Date last seen Price effective from Koha item type Source of classification or shelving scheme Source of acquisition
        BSOP Library BSOP Library Reference 12/21/2000 24573 127   BM42/P97r 00026947 02/23/2013 02/23/2013 Books    
        BSOP Library BSOP Library David Weisberg Collection 12/21/2000 49609     REF BM42 P97r 00061290 03/18/2025 02/23/2013 Books Library of Congress Classification Donated by Dr. David and Oprah Weisberg
BSOP

Biblical Seminary of the Philippines
  All rights Reserved
  © 2024

CONTACT INFORMATION

Biblical Seminary of the Philippines,
  77-B Karuhatan Road, Valenzuela City,
  PHILIPPINES 1441
  Phone: +632 8292-6795 / 8292-6798
  Fax : +632 8292-6675
  Email: library@bsop.edu.ph